[Event "AUTO-OPEN-2732"]
[Site "http://www.queenalice.com/game.php?id=1079437"]
[Date "2012.7.5"]
[Round "1"]
[White "Suso71"]
[Black "Acuario_72"]
[Result "1-0"]
[WhiteElo "2592"]
[BlackElo "1760"]

1. d4 g6 2. c4 Bg7 3. Nc3 e6 4. Nf3 Ne7 5. h4 b6 6. h5 gxh5 7. g3 Ng6 8. Rxh5
Bb7 9. Bg2 Na6 10. Kf1 c5 11. d5 exd5 12. Nb5 O-O 13. Nd6 Qc7 14. Nf5 d4 15. Qd2
Rae8 16. Nxg7 Kxg7 17. Rxh7+ Kf6 18. Qg5+ Ke6 19. Nxd4+ cxd4 20. Qg4+ Kd6 21.
Qxd4+ Ke7 22. Bg5+ 1-0

[Event "AUTO-OPEN-2732"]
[Site "http://www.queenalice.com/game.php?id=1079438"]
[Date "2012.7.5"]
[Round "1"]
[White "Acuario_72"]
[Black "Suso71"]
[Result "0-1"]
[WhiteElo "1752"]
[BlackElo "2585"]

1. g3 d5 2. Bg2 Nf6 3. e3 Nc6 4. Ne2 Bf5 5. d3 e5 6. O-O Qd7 7. Nbc3 O-O-O 8. f4
h5 9. e4 Bc5+ 10. Kh1 Bg4 11. f5 h4 12. gxh4 Rxh4 13. Qe1 Rdh8 14. h3 Rxh3+ 15.
Bxh3 Rxh3+ 16. Kg2 dxe4 17. dxe4 Qd8 18. Bg5 Qh8 19. Rh1 Bf3+ 0-1

[Event "AUTO-OPEN-2732"]
[Site "http://www.queenalice.com/game.php?id=1079453"]
[Date "2012.7.5"]
[Round "1"]
[White "Acuario_72"]
[Black "musampa"]
[Result "0-1"]
[WhiteElo "1739"]
[BlackElo "1955"]

1. g3 e5 2. Bg2 d5 3. e3 Nf6 4. Ne2 Bg4 5. f3 Bh5 6. g4 Bg6 7. d3 Bb4+ 8. c3 Ba5
9. b4 Bb6 10. d4 e4 11. Ng3 O-O 12. Ba3 Re8 13. Nd2 exf3 14. Qxf3 c6 15. O-O
Nbd7 16. Rae1 Re7 17. b5 Re8 18. h4 Bc7 19. bxc6 bxc6 20. h5 Bxg3 21. Qxg3 Bd3
22. Rf4 Rb8 23. Bb4 Qc7 24. Kh2 a5 25. Bc5 Nxc5 26. dxc5 Rb2 27. Nf3 Ne4 28. Qh4
Nxc3 29. a3 Ne2 30. Ng5 Nxf4 31. exf4 Rxe1 32. Qxe1 Qxf4+ 33. Kg1 Re2 34. Qxa5
Qf2+ 35. Kh1 Qxg2# 0-1

[Event "AUTO-OPEN-2732"]
[Site "http://www.queenalice.com/game.php?id=1079454"]
[Date "2012.7.5"]
[Round "1"]
[White "musampa"]
[Black "Acuario_72"]
[Result "1-0"]
[WhiteElo "1964"]
[BlackElo "1776"]

1. e4 g6 2. Bb5 c6 3. Ba4 b5 4. Bb3 Na6 5. d4 Bg7 6. Nf3 e6 7. O-O Bb7 8. Bg5
Qc7 9. e5 d6 10. exd6 Qxd6 11. c3 Ne7 12. Nbd2 O-O 13. Ne4 Qd7 14. Nf6+ Bxf6 15.
Bxf6 c5 16. Qd2 Nf5 17. g4 h6 18. gxf5 g5 19. Ne5 Qd6 20. Qd3 c4 21. Bxc4 bxc4
22. Nxc4 Qd5 23. f3 Nc5 24. Qc2 Nd7 25. Be7 Rfe8 26. f6 Qxc4 27. b3 Qc6 28. h4
g4 29. Qg2 h5 30. Qd2 Qd5 31. Qh6 gxf3 32. Qg7# 1-0

[Event "Challenge"]
[Site "http://www.queenalice.com/game.php?id=1080602"]
[Date "2012.7.8"]
[Round "-"]
[White "Acuario_72"]
[Black "plot24"]
[Result "1-0"]
[WhiteElo "1733"]
[BlackElo "1815"]

1. g3 d5 2. Bg2 Nf6 3. e3 Bf5 4. d4 Nbd7 5. Ne2 e6 6. Nbc3 c6 7. O-O h5 8. h4
Be7 9. a3 e5 10. b4 exd4 11. Nxd4 Bg6 12. b5 c5 13. Nde2 Nb6 14. Nf4 Be4 15.
Bxe4 dxe4 16. Bb2 Nc4 17. Bc1 Qa5 18. Ncd5 Qxb5 19. Nc7+ 1-0

[Event "Challenge"]
[Site "http://www.queenalice.com/game.php?id=1088052"]
[Date "2012.7.28"]
[Round "-"]
[White "plot24"]
[Black "Acuario_72"]
[Result "1-0"]
[WhiteElo "1756"]
[BlackElo "1755"]

1. d4 g6 2. c4 Bg7 3. Nc3 e6 4. Nf3 Ne7 5. e4 O-O 6. Be3 c6 7. Qd2 Na6 8. Bd3 f5
9. O-O d5 10. e5 Nb4 11. Be2 a5 12. a3 Na6 13. cxd5 cxd5 14. Rac1 b6 15. Nb5 Qd7
16. Nd6 Nc6 17. Bb5 Bb7 18. Nxb7 Nab8 19. Nd6 h6 20. Bxh6 Bxh6 21. Qxh6 Qh7 22.
Qxh7+ Kxh7 23. Ng5+ Kh6 24. Nxe6 Rg8 25. Bxc6 Ra7 26. Bxd5 Rd7 27. f4 Kh5 28.
Rf3 Kg4 29. Rg3+ Kh4 30. Rh3+ Kg4 31. Bf3# 1-0

[Event "Challenge"]
[Site "http://www.queenalice.com/game.php?id=1089252"]
[Date "2012.8.1"]
[Round "-"]
[White "tucuman"]
[Black "Acuario_72"]
[Result "1-0"]
[WhiteElo "1704"]
[BlackElo "1697"]

1. e4 g6 2. d4 Bg7 3. Nf3 e6 4. Nc3 Ne7 5. e5 d6 6. Bg5 O-O 7. Bxe7 Qxe7 8. g3
b6 9. Bg2 Bb7 10. O-O Na6 11. a3 Rad8 12. Qe2 c5 13. Nb5 dxe5 14. dxe5 h6 15.
Rad1 f5 16. Rxd8 Rxd8 17. Nh4 Bxg2 18. Nxg2 Rd5 19. f4 g5 20. Nd6 Nc7 21. c4 Rd4
22. Rd1 Rxd1+ 23. Qxd1 g4 24. Qd3 h5 25. Nh4 Kh7 26. b4 Qf8 27. b5 a6 28. a4
axb5 29. axb5 Kh6 30. Kg2 Ne8 31. Nxe8 Qxe8 32. h3 Qa8+ 33. Kh2 Qa2+ 34. Ng2 h4
35. gxh4 gxh3 36. Kxh3 Qf2 37. Qg3 Qxg3+ 38. Kxg3 Kh5 39. Ne1 Bf8 40. Nf3 Be7
41. Ng5 Bxg5 42. hxg5 Kg6 43. Kh4 Kh7 44. Kh5 Kg7 45. g6 Kh8 46. Kh6 1-0

[Event "AUTO-OPEN-2757"]
[Site "http://www.queenalice.com/game.php?id=1089833"]
[Date "2012.8.3"]
[Round "1"]
[White "Acuario_72"]
[Black "yclaudiu35"]
[Result "0-1"]
[WhiteElo "1575"]
[BlackElo "2041"]

1. g3 e5 2. Bg2 Bc5 3. e3 d5 4. d4 exd4 5. exd4 Bb6 6. Ne2 Nc6 7. Nbc3 Nf6 8. a3
O-O 9. b4 Re8 10. O-O Bf5 11. Bg5 Be6 12. h4 h6 13. Bf4 Bg4 14. Be3 Bxe2 15.
Qxe2 Bxd4 16. Qd3 Bxe3 17. fxe3 Ne5 18. Qd4 c6 19. e4 Nh5 20. Ne2 dxe4 21. Qxe4
Ng6 22. Qf3 Nf6 23. h5 Ne5 24. Qf5 Neg4 25. Rad1 Qb6+ 26. Nd4 Ne3 27. Qf2 Nxd1
28. Rxd1 Nxh5 29. g4 Nf6 30. Qf5 Rad8 31. c3 Re3 32. Rd3 Rxd3 33. Qxd3 Nxg4 34.
Bh3 Ne5 35. Qe4 f6 36. Kg2 c5 37. Ne6 Rd2+ 38. Kg1 cxb4+ 0-1

[Event "AUTO-OPEN-2757"]
[Site "http://www.queenalice.com/game.php?id=1089834"]
[Date "2012.8.3"]
[Round "1"]
[White "yclaudiu35"]
[Black "Acuario_72"]
[Result "1-0"]
[WhiteElo "2039"]
[BlackElo "1577"]

1. e4 g6 2. Nf3 Bg7 3. Bc4 e6 4. d4 b6 5. e5 Bb7 6. O-O Ne7 7. Bg5 Nbc6 8. c3
Na5 9. Be2 c5 10. Na3 h6 11. Bxe7 Qxe7 12. Nd2 f5 13. Nb5 O-O 14. Nd6 Qg5 15.
Nxb7 Nxb7 16. Bf3 Rab8 17. Bxb7 Rxb7 18. f4 Qe7 19. Nc4 g5 20. d5 gxf4 21. Rxf4
b5 22. Nd6 Rb6 23. dxe6 Qxe6 24. Qf1 Bxe5 25. Rxf5 Qxd6 26. Rxf8+ Qxf8 27. Qd3
Qf7 28. Rf1 Bf6 29. Qe3 b4 30. Qxc5 d6 31. Qc8+ Kg7 32. Qg4+ Kf8 33. Qf4 Kg7 34.
cxb4 d5 35. b3 Re6 36. Rf3 Re4 37. Qg3+ Kh7 38. a3 Bd4+ 39. Kh1 1-0

[Event "AUTO-OPEN-2757"]
[Site "http://www.queenalice.com/game.php?id=1089837"]
[Date "2012.8.3"]
[Round "1"]
[White "Acuario_72"]
[Black "jumping"]
[Result "0-1"]
[WhiteElo "1660"]
[BlackElo "1776"]

1. g3 e5 2. Bg2 Nf6 3. e3 d5 4. Nf3 Bg4 5. h3 Bf5 6. Nxe5 Bd6 7. d4 O-O 8. g4
Be4 9. f3 Bg6 10. h4 h6 11. h5 Bh7 12. b3 Re8 13. f4 Bxe5 14. fxe5 Ne4 15. Qe2
Ng3 16. Qf3 Nxh1 17. Bxh1 Bxc2 18. Nc3 Nc6 19. Nxd5 Rc8 20. Qf2 Nb4 21. Nxb4 Bh7
22. Bxb7 Rb8 23. Nc6 Qd7 24. Nxb8 Rxb8 25. Bg2 Qxg4 26. Bd5 Qxh5 27. Ba3 Rd8 28.
Bf3 Qf5 29. Rc1 Qc8 30. d5 Qa6 31. Be7 Re8 32. Rxc7 Qa5+ 33. Qd2 Qxc7 34. d6 Qd7
35. Qd5 Bf5 36. Bh5 Be6 37. Qf3 Rxe7 38. dxe7 Qxe7 39. Qa8+ Kh7 40. Qg2 Qh4+ 41.
Kf1 Qxh5 42. Qe4+ Bf5 43. Qf4 Qh3+ 44. Kf2 a6 45. e4 Be6 46. Ke2 Qg2+ 47. Qf2
Qxe4+ 48. Qe3 Qb1 49. Qd2 h5 50. Kf2 Qf5+ 51. Ke3 Qxe5+ 52. Kd3 h4 53. Qf2 h3
54. Qh4+ Kg6 55. a4 h2 56. b4 Qd5+ 0-1

[Event "AUTO-OPEN-2757"]
[Site "http://www.queenalice.com/game.php?id=1089838"]
[Date "2012.8.3"]
[Round "1"]
[White "jumping"]
[Black "Acuario_72"]
[Result "1-0"]
[WhiteElo "1810"]
[BlackElo "1681"]

1. e4 g6 2. Nf3 Bg7 3. d4 e6 4. Nc3 Ne7 5. Bg5 f6 6. Bf4 d5 7. e5 f5 8. Bb5+ c6
9. Be2 Nd7 10. Ng5 h6 11. Nxe6 Qb6 12. Nxg7+ Kf7 13. e6+ Kxg7 14. exd7 Bxd7 15.
Be5+ Kh7 16. Bxh8 Rxh8 17. O-O Qxb2 18. Na4 Qb4 19. c3 Qd6 20. Re1 b5 21. Nc5
Bc8 22. a4 a6 23. a5 g5 24. Bd3 Re8 25. Qh5 Rf8 26. Re3 Rf6 27. Rae1 Ng6 28. Re8
Rf8 29. Rxf8 Qxf8 30. h3 Qf6 31. Re8 Nf4 32. Qf3 Be6 33. Nxa6 Nxd3 34. Qxd3 Bd7
35. Rb8 Qe6 36. Nc5 Qd6 37. Rb7 Kg6 38. Nxd7 Kh5 39. a6 c5 40. a7 Qa6 41. Qxb5
Qa1+ 42. Qb1 1-0

[Event "AUTO-ADV-2581"]
[Site "http://www.queenalice.com/game.php?id=1089937"]
[Date "2012.8.3"]
[Round "1"]
[White "miltonlovisk"]
[Black "Acuario_72"]
[Result "1-0"]
[WhiteElo "1883"]
[BlackElo "1670"]

1. e4 g6 2. Nf3 Bg7 3. d4 e6 4. Bc4 d5 5. exd5 exd5 6. Bb3 Ne7 7. Nc3 c6 8. h3
b5 9. a4 b4 10. Ne2 Bf5 11. a5 a6 12. Bd2 c5 13. dxc5 Nbc6 14. Ra2 Nxa5 15. Bxb4
Nc4 16. Ba4+ Kf8 17. b3 Nb2 18. Qc1 Rb8 19. Bc3 Nxa4 20. Bxg7+ Kxg7 21. Rxa4 Ra8
22. O-O Qc7 23. b4 Rhe8 24. Ned4 Nc6 25. Nxf5+ Kf8 26. Qh6+ 1-0

[Event "AUTO-ADV-2581"]
[Site "http://www.queenalice.com/game.php?id=1089938"]
[Date "2012.8.3"]
[Round "1"]
[White "Acuario_72"]
[Black "miltonlovisk"]
[Result "0-1"]
[WhiteElo "1667"]
[BlackElo "1901"]

1. g3 e5 2. Bg2 Nf6 3. e3 d5 4. Nf3 e4 5. Nd4 c5 6. Ne2 Bg4 7. h3 Be6 8. c3 Nc6
9. a3 h6 10. b4 cxb4 11. cxb4 Ne5 12. O-O Qd7 13. Nd4 Bxh3 14. f4 Nd3 15. Nc3 g6
16. Qe2 Nh5 17. Kh2 Bg4 18. Bf3 Bxf3 19. Nxf3 Nxc1 20. Raxc1 exf3 21. Qxf3 Rd8
22. g4 Nf6 23. Kg3 Bd6 24. Nxd5 Nxd5 25. Qe4+ Ne7 26. Qd4 Rg8 27. Kh4 h5 28. Rg1
hxg4 29. Qe4 Rh8+ 30. Kg5 f5 31. Qd4 Rh5+ 32. Kf6 Ng8+ 33. Kxg6 Qf7# 0-1

[Event "AUTO-ADV-2581"]
[Site "http://www.queenalice.com/game.php?id=1089953"]
[Date "2012.8.3"]
[Round "1"]
[White "vult0"]
[Black "Acuario_72"]
[Result "1-0"]
[WhiteElo "1704"]
[BlackElo "1588"]

1. e4 g6 2. d4 Bg7 3. Nc3 e6 4. Nf3 Ne7 5. Bd3 b6 6. Be3 c6 7. O-O Bb7 8. Ne2 a5
9. c3 d5 10. exd5 cxd5 11. b3 Nd7 12. c4 O-O 13. Nc3 dxc4 14. Bxc4 Nf5 15. Nb5
h6 16. Nd2 e5 17. d5 Qh4 18. Rc1 e4 19. a3 Be5 20. g3 Qe7 21. Nxe4 g5 22. Qd3
Bb2 23. Rb1 Bxa3 24. Kg2 Ne5 25. Qc2 Bc5 26. Rbe1 g4 27. Re2 Nf3 28. Qd3 N5h4+
29. Kh1 Ne5 30. Qd2 Nhf3 31. Qc1 f5 32. d6+ Qf7 33. Bxf7+ Rxf7 34. Bxc5 bxc5 35.
Nbc3 fxe4 36. Nxe4 Rc8 37. Qa3 Nd4 38. Qa2 Rcf8 39. Re3 Ra8 40. f4 Nef3 41.
Rfxf3 gxf3 42. Nf2 Ra6 43. Re7 Rxe7 44. dxe7 Re6 45. b4 Kf7 46. Kg1 Kxe7 47. Kf1
1-0

[Event "AUTO-ADV-2581"]
[Site "http://www.queenalice.com/game.php?id=1089954"]
[Date "2012.8.3"]
[Round "1"]
[White "Acuario_72"]
[Black "vult0"]
[Result "0-1"]
[WhiteElo "1600"]
[BlackElo "1692"]

1. g3 e5 2. Bg2 c6 3. e3 Nf6 4. Ne2 d5 5. b3 Nbd7 6. d4 e4 7. Bb2 Be7 8. Nbc3
Nb6 9. Nf4 Bb4 10. O-O O-O 11. a3 Bd6 12. Nb1 Bf5 13. b4 Nc4 14. Bc3 Bg4 15. Qc1
Bc7 16. Nd2 b5 17. Nb3 Bd6 18. Na5 Nxa5 19. bxa5 a6 20. Bb4 Rc8 21. Qd2 Qd7 22.
h3 Be6 23. f3 Bxf4 24. Bxf8 Bxg3 25. Bc5 Bxh3 26. f4 Nh5 27. Bxh3 Qxh3 28. Qg2
Qf5 29. c3 Re8 30. Rfb1 Re6 31. Kf1 Rg6 32. Ke2 Bxf4 33. Qf2 Qg4+ 34. Kd2 Bg3
35. Qe2 Qxe2+ 36. Kxe2 Bh2 37. Rh1 Rg2+ 38. Kf1 Rc2 39. Bd6 Bxd6 40. Rxh5 Rxc3
41. Rh3 Bxa3 42. Rh5 Rxe3 43. Re5 Kf8 44. Rd1 Bd6 45. Rh5 h6 46. Rh2 Bxh2 47.
Kf2 Rd3 48. Rc1 Rxd4 49. Rxc6 Ra4 0-1

[Event "AUTO-ADV-2581"]
[Site "http://www.queenalice.com/game.php?id=1089963"]
[Date "2012.8.3"]
[Round "1"]
[White "TON7"]
[Black "Acuario_72"]
[Result "1-0"]
[WhiteElo "1637"]
[BlackElo "1630"]

1. e4 g6 2. Nf3 Bg7 3. Bc4 e6 4. e5 Ne7 5. d4 c6 6. O-O b5 7. Bd3 Bb7 8. Be4 d5
9. exd6 Qxd6 10. b3 Nd7 11. Ba3 Qc7 12. Bxe7 Kxe7 13. Qd2 c5 14. Qc3 Bxe4 15.
Ng5 Bxd4 16. Qe1 Bxa1 17. Qxe4 f5 18. Qxe6+ Kd8 19. Nf7+ Kc8 20. Nxh8 Bxh8 21.
Qg8+ Kb7 22. Qxh7 Qd6 23. Nc3 Bxc3 24. Qh3 b4 25. Qf3+ Kb8 26. Rd1 Qe6 27. g3
Ne5 28. Rd8+ Kc7 29. Qxa8 Nc6 30. Re8 Qd7 31. Rg8 Qd6 32. Rc8+ Kd7 33. Qb7+ Ke6
34. Rxc6 Be5 35. Rxd6+ Bxd6 36. Qxa7 f4 37. Qg7 1-0

[Event "AUTO-ADV-2581"]
[Site "http://www.queenalice.com/game.php?id=1089964"]
[Date "2012.8.3"]
[Round "1"]
[White "Acuario_72"]
[Black "TON7"]
[Result "0-1"]
[WhiteElo "1614"]
[BlackElo "1653"]

1. g3 e5 2. Bg2 d5 3. e3 Nf6 4. c3 e4 5. b4 c5 6. b5 b6 7. Ne2 Qd7 8. Na3 Bd6 9.
c4 O-O 10. d4 Qe7 11. Bb2 cxd4 12. Nxd4 Bg4 13. Qc2 Bxa3 14. Bxa3 Qxa3 15. cxd5
Qe7 16. O-O Nbd7 17. Nc6 Qd6 18. Bxe4 Nxe4 19. Qxe4 Nf6 20. Qd4 Bh3 21. Rfc1
Rfe8 22. a4 a6 23. f3 Nh5 24. f4 Qg6 25. Kf2 Re4 26. Ne5 Qf5 27. Qc3 h6 28. Ke2
f6 29. Nf3 Qxd5 30. Rd1 Qe6 31. Nd4 Qg4+ 32. Kd3 Rae8 33. Qc4+ Kh7 34. Re1 Bg2
35. Ra2 Qh3 36. bxa6 Qxh2 0-1

[Event "OS INCLIVEIS"]
[Site "http://www.queenalice.com/game.php?id=1091372"]
[Date "2012.8.8"]
[Round "-"]
[White "adelio"]
[Black "Acuario_72"]
[Result "1-0"]
[WhiteElo "1760"]
[BlackElo "1732"]

1. f4 e6 2. e4 Qe7 3. Nf3 Qb4 4. c4 c6 5. Nc3 b5 6. a3 Qe7 7. b4 g6 8. Ra2 d5 9.
d4 dxc4 10. h4 h5 11. e5 Bg7 12. g3 Bb7 13. Bg2 Na6 14. Ng5 Nh6 15. Re2 Ng4 16.
Nce4 Rd8 17. Nd6+ Kf8 18. Nxb7 Qxb7 19. Be4 Nc7 20. Qc2 Rxd4 21. Nxf7 Kxf7 22.
Bxg6+ Ke7 23. f5 Rf8 24. Bg5+ Kd7 25. f6 Bh6 26. Bxh5 Bxg5 27. hxg5 c5 28. Rf1
Nxf6 29. exf6 Rd5 30. Qh7+ Kc6 31. Bf3 Ne8 32. Rxe6+ Nd6 33. Rxd6+ Kxd6 34. Qxb7
Re8+ 35. Kf2 Rd2+ 36. Kg1 c3 37. bxc5+ Kxc5 38. Qxa7+ Kc4 39. Qf7+ Kd4 40. Qd5+
Ke3 41. Re1+ Re2 42. Rxe2# 1-0

[Event "Challenge"]
[Site "http://www.queenalice.com/game.php?id=1093920"]
[Date "2012.8.17"]
[Round "-"]
[White "lincolnmarley"]
[Black "Acuario_72"]
[Result "1-0"]
[WhiteElo "1685"]
[BlackElo "1562"]

1. e4 g6 2. d4 Bg7 3. Nf3 e6 4. Be2 Nf6 5. Bg5 h6 6. Bxf6 Bxf6 7. c4 b6 8. Nc3
Bb7 9. O-O Nc6 10. e5 Bg7 11. Bd3 O-O 12. Qc2 d5 13. cxd5 exd5 14. Rfe1 a6 15.
a3 Ne7 16. Rac1 c6 17. e6 Qd6 18. exf7+ Rxf7 19. Nh4 Bxd4 20. Rxe7 Qxe7 21. Bxg6
Rg7 22. Nf5 Qf6 23. Nxh6+ Kf8 24. Ng4 1-0

[Event "Challenge"]
[Site "http://www.queenalice.com/game.php?id=1093921"]
[Date "2012.8.17"]
[Round "-"]
[White "Acuario_72"]
[Black "lincolnmarley"]
[Result "0-1"]
[WhiteElo "1551"]
[BlackElo "1696"]

1. e3 e5 2. g3 Nf6 3. b3 Be7 4. Bb2 Nc6 5. Bg2 O-O 6. Ne2 d6 7. O-O Be6 8. Nbc3
Qd7 9. d4 exd4 10. Nxd4 Nxd4 11. Qxd4 c5 12. Qd3 Bf5 13. Qe2 Rac8 14. Nb5 a6 15.
Nc3 Be6 16. f3 Nd5 17. f4 Nxc3 18. Bxc3 b5 19. a4 b4 20. Bb2 a5 21. h3 Bxh3 22.
Qh5 Bxg2 23. Kxg2 Qe6 0-1

[Event "Challenge"]
[Site "http://www.queenalice.com/game.php?id=1099346"]
[Date "2012.9.3"]
[Round "-"]
[White "Acuario_72"]
[Black "tucuman"]
[Result "0-1"]
[WhiteElo "1649"]
[BlackElo "1569"]

1. g3 e5 2. Bg2 d5 3. e3 e4 4. d4 Nf6 5. Ne2 a6 6. c3 h6 7. b4 Nc6 8. Qa4 Bd7 9.
b5 axb5 10. Qxb5 Nxd4 11. Qxb7 Bd6 12. Nxd4 O-O 13. O-O Rb8 14. Qa6 Be5 0-1